000 00455cam a22001815a 4500
001 L141272
008 071109s2007 xxk f 000 0 eng d
020 _a9781848060128
035 _a(Sirsi) u141272
041 0 _aeng
100 1 _aTrotman, Peter
110 2 _aBRE
245 0 0 _aRising damp in walls
_bdiagnosis and treatment
260 _aGarston, Watford
_bBRE
_c2007
490 0 _aBRE Digest; DG245
651 4 _aENGLAND AND WALES
942 _n0
999 _c107620
_d107620